000 00334 a2200109 4500
001 ART_55098
005 20260410162015.0
008 260409a
245 1 0 _aAdministración Pública porteña:
100 1 _aRoitman, Facundo J.
773 0 _tTemas de derecho administrativo
_g- Año 6, N° 12 (dic. 2021)
_wREV40468
999 _c32591
_d32591